[Event "DEN-ch G7-B"]
[Site "Helsingor"]
[Date "2013.03.27"]
[Round "2"]
[White "Randlov, Carsten"]
[Black "Jensen, Tommy"]
[Result "1-0"]
[WhiteElo "1866"]
[BlackElo "1904"]
[PlyCount "97"]
[EventDate "2013.03.26"]
[EventType "swiss"]
[EventRounds "7"]
[EventCountry "DEN"]
[SourceTitle "EXT 2023"]
[Source "ChessBase"]
[SourceDate "2022.10.05"]
[SourceVersion "1"]
[SourceVersionDate "2022.10.05"]
[SourceQuality "1"]

1. e4 e5 2. Nf3 Nc6 3. Bb5 d6 4. 0-0 Bd7 5. c3 Nf6 6. Re1 h6 7. d4 a6 8. Ba4 Qe7 9. Nbd2 g5 10. d5 Na7 11. Nf1 Bxa4 12. Qxa4+ Qd7 13. Qc2 Be7 14. Ng3 0-0-0 15. Nf5 Rdg8 16. Be3 Kb8 17. b4 Nc8 18. a4 Ng4 19. c4 Nxe3 20. Rxe3 g4 21. Nd2 Bg5 22. Rb3 Bxd2 23. Qxd2 Ne7 24. Nxe7 Qxe7 25. b5 b6 26. a5 axb5 27. axb6 cxb6 28. Rba3 Qb7 29. Qa2 Kc7 30. Ra7 Ra8 31. Rxb7+ Kxb7 32. Qb2 Rxa1+ 33. Qxa1 bxc4 34. f4 f6 35. fxe5 fxe5 36. Qa4 Rc8 37. Qd7+ Rc7 38. Qxd6 c3 39. Qxh6 c2 40. Qc1 b5 41. Kf2 b4 42. Ke2 b3 43. Kd2 Rc4 44. Qb2 Kc8 45. Kc1 Rxe4 46. Qxb3 Re1+ 47. Kxc2 Re2+ 48. Kd1 Rxg2 49. Qc3+ 1-0

[Event "Politiken Cup 34th"]
[Site "Helsingor"]
[Date "2012.07.31"]
[Round "5"]
[White "Randlov, Carsten"]
[Black "Holmso, Finn"]
[Result "0-1"]
[WhiteElo "1860"]
[BlackElo "2036"]
[PlyCount "30"]
[EventDate "2012.07.28"]
[EventType "swiss"]
[EventRounds "10"]
[EventCountry "DEN"]
[SourceTitle "CBM 149 Extra"]
[Source "ChessBase"]
[SourceDate "2012.08.24"]
[SourceVersion "1"]
[SourceVersionDate "2012.08.24"]
[SourceQuality "1"]

1. d4 Nf6 2. c4 d6 3. Nc3 e5 4. dxe5 dxe5 5. Qxd8+ Kxd8 6. Bg5 Nbd7 7. 0-0-0 c6 8. g3 Kc7 9. f4 Ng4 10. Nh3 f6 11. Bh4 Nc5 12. e4 Ne3 13. Nf2 Nxd1 14. Kxd1 Be7 15. f5 g5 0-1

[Event "Politiken Cup 34th"]
[Site "Helsingor"]
[Date "2012.07.29"]
[Round "2"]
[White "Grand, Hans Henrik"]
[Black "Randlov, Carsten"]
[Result "1-0"]
[WhiteElo "2144"]
[BlackElo "1860"]
[PlyCount "81"]
[EventDate "2012.07.28"]
[EventType "swiss"]
[EventRounds "10"]
[EventCountry "DEN"]
[SourceTitle "CBM 149 Extra"]
[Source "ChessBase"]
[SourceDate "2012.08.24"]
[SourceVersion "1"]
[SourceVersionDate "2012.08.24"]
[SourceQuality "1"]

1. c4 Nf6 2. g3 c5 3. Bg2 Nc6 4. Nc3 g6 5. e4 Bg7 6. Nge2 0-0 7. 0-0 d6 8. h3 a6 9. f4 e6 10. d3 Rb8 11. Be3 Qe7 12. Rc1 Bd7 13. d4 cxd4 14. Nxd4 Nxd4 15. Bxd4 Bc6 16. Qd2 Rfd8 17. Bb6 Rd7 18. Qe3 Bh6 19. g4 Bg7 20. b4 Ne8 21. Rfd1 f5 22. b5 axb5 23. cxb5 Bxe4 24. Nxe4 fxe4 25. Bxe4 d5 26. Bg2 Nd6 27. Bf1 Qf7 28. Re1 Re8 29. a4 Ne4 30. Bd3 Nd6 31. a5 Nc8 32. Bc5 Qf6 33. a6 bxa6 34. bxa6 Qf7 35. Bb5 Rde7 36. Bxe7 Rxe7 37. Rxc8+ Bf8 38. Qe5 h6 39. Rec1 Kh7 40. R8c7 Bg7 41. Rxe7 1-0

[Event "Politiken Cup 34th"]
[Site "Helsingor"]
[Date "2012.07.28"]
[Round "1"]
[White "Randlov, Carsten"]
[Black "Larsen, Karsten"]
[Result "1-0"]
[WhiteElo "1860"]
[BlackElo "2331"]
[PlyCount "147"]
[EventDate "2012.07.28"]
[EventType "swiss"]
[EventRounds "10"]
[EventCountry "DEN"]
[SourceTitle "CBM 149 Extra"]
[Source "ChessBase"]
[SourceDate "2012.08.24"]
[SourceVersion "1"]
[SourceVersionDate "2012.08.24"]
[SourceQuality "1"]

1. Nf3 Nf6 2. c4 e6 3. d4 d5 4. Nc3 Bb4 5. Bg5 c5 6. a3 Bxc3+ 7. bxc3 Nbd7 8. cxd5 exd5 9. Qc2 Qa5 10. Nd2 0-0 11. Bxf6 Nxf6 12. e3 b6 13. f3 Bb7 14. Kf2 Rac8 15. Qb2 cxd4 16. cxd4 Qc3 17. Qxc3 Rxc3 18. Bb5 Rfc8 19. Rhd1 Kf8 20. Ba4 Ba6 21. Ra2 Bc4 22. Nxc4 R8xc4 23. Bb5 Rc2+ 24. Rd2 Rxd2+ 25. Rxd2 Rc3 26. a4 Ke7 27. g4 h6 28. h4 g5 29. hxg5 hxg5 30. Ke2 Ne8 31. Rd3 Rc2+ 32. Rd2 Rc3 33. Rd3 Rc1 34. Rd1 Rc7 35. Kd2 Nd6 36. Rc1 Rxc1 37. Kxc1 Ke6 38. Bd3 f6 39. Kc2 Kd7 40. Kc3 Kc6 41. Kb4 a5+ 42. Kc3 Kd7 43. Kd2 Ke6 44. Ke2 Ne8 45. Kd2 Kd6 46. Kc3 Nc7 47. Kb3 Kc6 48. Bg6 b5 49. axb5+ Kxb5 50. Bd3+ Kb6 51. Ka4 Ne8 52. Kb3 Nd6 53. Kc3 Kc6 54. Kb3 Kb6 55. Ka4 Nc8 56. Kb3 Ne7 57. Kc3 Nc6 58. Kb3 Nb4 59. Bb1 Kb5 60. Bg6 a4+ 61. Ka3 Kc4 62. Kxa4 Na2 63. Ka5 Nc3 64. Bc2 Ne2 65. Kb6 Kc3 66. Bd1 Ng3 67. Kc5 Nf1 68. e4 Ne3 69. exd5 Nc4 70. d6 Na5 71. Kb6 Nc4+ 72. Kc7 Ne3 73. d7 Nd5+ 74. Kd6 1-0

[Event "Gibraltar Masters 10th"]
[Site "Caleta"]
[Date "2012.01.30"]
[Round "7"]
[White "Pasanen, Tuomo Tapio"]
[Black "Randlov, Carsten"]
[Result "1-0"]
[WhiteElo "2008"]
[BlackElo "1831"]
[PlyCount "65"]
[EventDate "2012.01.24"]
[EventType "swiss"]
[EventRounds "10"]
[EventCountry "GGB"]
[SourceTitle "CBM 147"]
[Source "ChessBase"]
[SourceDate "2012.03.16"]
[SourceVersion "1"]
[SourceVersionDate "2012.03.16"]
[SourceQuality "1"]

1. e4 g6 2. d4 Bg7 3. Nc3 d6 4. f3 c6 5. Be3 b5 6. Qd2 Nd7 7. Bd3 Nb6 8. b3 Bd7 9. Nge2 b4 10. Nd1 c5 11. Rc1 Rc8 12. dxc5 dxc5 13. Nf2 Nf6 14. 0-0 e5 15. c3 Qe7 16. Ba6 Rd8 17. cxb4 0-0 18. Bxc5 Qe8 19. Qb2 Nh5 20. Rfd1 f5 21. Bxf8 Qxf8 22. Qd2 Bh6 23. Bc4+ Kh8 24. Qd6 Bxc1 25. Nxc1 Qf6 26. a4 Kg7 27. a5 Nxc4 28. bxc4 Kf7 29. Qc7 Ke8 30. Ncd3 Ba4 31. Re1 Bc2 32. Nxe5 Nf4 33. exf5 1-0

[Event "Gibraltar Masters 10th"]
[Site "Caleta"]
[Date "2012.01.29"]
[Round "6"]
[White "Randlov, Carsten"]
[Black "Skutta, Bernd"]
[Result "0-1"]
[WhiteElo "1831"]
[BlackElo "2078"]
[PlyCount "70"]
[EventDate "2012.01.24"]
[EventType "swiss"]
[EventRounds "10"]
[EventCountry "GGB"]
[SourceTitle "CBM 147"]
[Source "ChessBase"]
[SourceDate "2012.03.16"]
[SourceVersion "1"]
[SourceVersionDate "2012.03.16"]
[SourceQuality "1"]

1. e4 d6 2. d4 Nf6 3. Nc3 c6 4. f4 Qa5 5. Bd3 e5 6. Nf3 exd4 7. Nxd4 g6 8. 0-0 Bg7 9. Kh1 0-0 10. Nf3 Nbd7 11. Qe1 Nc5 12. Qh4 Nxd3 13. cxd3 Bd7 14. e5 dxe5 15. fxe5 Ng4 16. d4 Qd8 17. Ng5 h6 18. Nce4 Bf5 19. Nd6 hxg5 20. Bxg5 f6 21. Rxf5 gxf5 22. Nxf5 Nf2+ 23. Qxf2 fxg5 24. g4 Qd5+ 25. Kg1 Rae8 26. Qe3 Rf7 27. Qxg5 Rxf5 28. Qxf5 Qxd4+ 29. Qf2 Qxg4+ 30. Qg3 Qd4+ 31. Qf2 Qxe5 32. Rf1 Rf8 33. Qg2 Qd4+ 34. Kh1 Rxf1+ 35. Qxf1 Qd5+ 0-1

[Event "Politiken Cup 33rd"]
[Site "Helsingor"]
[Date "2011.07.31"]
[Round "3"]
[White "Randlov, Carsten"]
[Black "Poulsen, Iver"]
[Result "0-1"]
[WhiteElo "1872"]
[BlackElo "2102"]
[PlyCount "80"]
[EventDate "2011.07.30"]
[EventType "swiss"]
[EventRounds "10"]
[EventCountry "DEN"]
[SourceTitle "CBM 143 Extra"]
[Source "ChessBase"]
[SourceDate "2011.08.29"]
[SourceVersion "1"]
[SourceVersionDate "2011.08.29"]
[SourceQuality "1"]

1. d4 d5 2. c4 e6 3. Nf3 c6 4. g3 dxc4 5. Bg2 b5 6. Ne5 Bb4+ 7. Bd2 Bxd2+ 8. Qxd2 Ne7 9. a4 Nd5 10. axb5 cxb5 11. Nc3 f6 12. Ng4 Qd7 13. Ne3 Bb7 14. Ncxd5 exd5 15. Qb4 Kf7 16. 0-0 Rd8 17. Rfd1 a6 18. h4 g6 19. Kh2 Kg7 20. Qc5 Rc8 21. Qa3 a5 22. Qc3 b4 23. Qc2 Rd8 24. Qd2 Bc6 25. Bh3 Qd6 26. Ng4 Nd7 27. Qh6+ Kg8 28. Qd2 Qe7 29. Ne3 Nf8 30. Bg2 Qb7 31. Ng4 Nd7 32. Bh3 Rf8 33. Qf4 f5 34. Nh6+ Kh8 35. h5 Nf6 36. hxg6 hxg6 37. Qe5 Qg7 38. Qf4 g5 39. Qxf5 Qxh6 40. Kg2 Bd7 0-1